000 02400nam a22002657a 4500
003 Uzh_bibl
008 260430b |||||||| |||| 00| 0 ukr d
020 _a978-966-03-7720-2
_c100.00
040 _bукр.
041 _2ukr
_aukr
080 _a821(477)
090 _a821(477)
_bК 59
100 _aКокотюха,Андрій
245 _aКиївські бомби
_cхудож.-оформлювач О.А.Гугалова.
_hТекст
260 _aХарків
_bФоліо
_c2017
300 _a315 с.
_bіл.
490 _aСерія "Ретророман"
520 _a1907 рік. У Російській імперії — конституційний переворот. Влада широким фронтом наступає на громадянські права та свободи людей. У відповідь звучать постріли та летять саморобні бомби. Київ тих часів стає ареною бойових дій. Тут, немов гриби, виростають бойові організації, чиї дії вже не підпорядковані єдиному центру.Андрій Волох, молодий українець вигнаний з університету за участь у протестах, теж бере до рук зброю. Тепер він — Полтава. І його подальша доля тісно переплітається з долями радикального ватажка бойовиків Залізняка, професійного терориста Штерна, жандармського ротмістра Підвисоцького та Фаїни — вдови страченого революціонера, котра прагне помсти. Але чи в повній мірі прийнятні ідеї тотального терору для таких, як Полтава? Тим більше якщо терор — зброя не лише бойовиків, а й влади, яка з ними бореться...
521 _aДля широкого кола читачів
546 _aукр.
650 _aЛітературно-художнє видання
653 _aРеволюція
_aБоротьба
_aПереворот
655 _aПроза
_vРоман
_y1907 рік
942 _2udc
_cBK
999 _c17583
_d17583